[Event "Caribbean-ch U14"]
[Site "San Salvador"]
[Date "2021.11.27"]
[Round "3"]
[White "Valverde Herrera, Jose Daniel"]
[Black "Gonzalez Aguero, Ignacio"]
[Result "0-1"]
[WhiteElo "1032"]
[BlackElo "1278"]
[PlyCount "137"]
[EventDate "2021.11.27"]
[EventType "swiss"]
[EventRounds "9"]
[EventCountry "ESA"]
[SourceTitle "EXT 2023"]
[Source "ChessBase"]
[SourceDate "2022.10.05"]
[SourceVersion "1"]
[SourceVersionDate "2022.10.05"]
[SourceQuality "1"]
[WhiteTeam "Costa Rica"]
[BlackTeam "Costa Rica"]
[WhiteTeamCountry "CRI"]
[BlackTeamCountry "CRI"]

1. d4 Nf6 2. Bf4 g6 3. Nf3 Bg7 4. e3 d6 5. Nbd2 0-0 6. c4 Nbd7 7. h3 Re8 8. Be2 e5 9. Bg3 a6 10. 0-0 Nh5 11. Bh4 Nhf6 12. Ne4 exd4 13. Nxf6+ Nxf6 14. exd4 Qd7 15. Bxf6 Bxf6 16. Rb1 Qe7 17. Re1 Bf5 18. Bd3 Qd7 19. Bxf5 Qxf5 20. Qb3 b6 21. Qa4 b5 22. Qb3 Reb8 23. cxb5 Qxb5 24. Qxb5 Rxb5 25. b3 a5 26. a4 Rb4 27. Red1 Rab8 28. Rd3 R8b7 29. g4 Rxa4 30. bxa4 Rxb1+ 31. Kg2 Ra1 32. Rc3 Rxa4 33. Rxc7 Bxd4 34. Ng5 Ra2 35. Rxf7 h6 36. Ne6 Kxf7 37. Nxd4 a4 38. Nb5 Ke6 39. Nc3 Ra1 40. Kg3 Ke5 41. f4+ Kd4 42. Nb5+ Kc5 43. Nc3 a3 44. Ne4+ Kc6 45. Nd2 a2 46. Nb3 Rg1+ 47. Kf2 a1Q 48. Nxa1 Rxa1 49. Kg3 d5 50. f5 gxf5 51. gxf5 Ra4 52. f6 Kd6 53. f7 Ke7 54. f8Q+ Kxf8 55. Kf3 Ke7 56. Ke3 Kd6 57. h4 Ke5 58. Kf3 Rxh4 59. Kg3 Ra4 60. Kf3 h5 61. Kg3 Kf5 62. Kh3 Re4 63. Kg3 d4 64. Kh3 d3 65. Kg3 d2 66. Kh3 d1Q 67. Kg3 Qd3+ 68. Kf2 Re2+ 69. Kg1 0-1

[Event "Titled Tuesday intern op 19th May"]
[Site "Chess.com INT"]
[Date "2020.05.19"]
[Round "3"]
[White "Hansen, Eric"]
[Black "Valverde Herrera, Jose Daniel"]
[Result "1-0"]
[WhiteElo "2606"]
[BlackElo "1032"]
[PlyCount "65"]
[EventDate "2020.05.19"]
[EventType "swiss (blitz)"]
[EventRounds "10"]
[EventCountry "USA"]
[SourceTitle "EXT 2021"]
[Source "ChessBase"]
[SourceDate "2020.10.23"]
[SourceVersion "1"]
[SourceVersionDate "2020.10.23"]
[SourceQuality "1"]

1. e4 c5 2. Nf3 e6 3. g3 b6 4. Bg2 Bb7 5. Nc3 a6 6. 0-0 Qc7 7. Re1 d6 8. d4 cxd4 9. Nxd4 Be7 10. g4 Nd7 11. g5 g6 12. f4 h6 13. h4 hxg5 14. hxg5 0-0-0 15. Qg4 Kb8 16. Be3 e5 17. Nde2 f5 18. exf5 gxf5 19. Qg3 Nh6 20. Nd5 Bxd5 21. Bxd5 Ng4 22. c4 Rh5 23. Kg2 Rh2+ 24. Qxh2 Nxh2 25. Kxh2 exf4 26. Bxf4 Ne5 27. Nd4 Rh8+ 28. Kg3 Qc5 29. Rad1 Kc7 30. Ne6+ Kb8 31. Nxc5 bxc5 32. Rxe5 dxe5 33. Bxe5+ 1-0

[Event "Titled Tuesday intern op 19th May"]
[Site "Chess.com INT"]
[Date "2020.05.19"]
[Round "2"]
[White "Radzhabov, Rodion"]
[Black "Valverde Herrera, Jose Daniel"]
[Result "0-1"]
[WhiteElo "2351"]
[BlackElo "1032"]
[PlyCount "134"]
[EventDate "2020.05.19"]
[EventType "swiss (blitz)"]
[EventRounds "10"]
[EventCountry "USA"]
[SourceTitle "EXT 2021"]
[Source "ChessBase"]
[SourceDate "2020.10.23"]
[SourceVersion "1"]
[SourceVersionDate "2020.10.23"]
[SourceQuality "1"]

1. e4 c5 2. Nf3 e6 3. b3 b6 4. Bb2 Bb7 5. Nc3 a6 6. d4 cxd4 7. Nxd4 Qc7 8. Bd3 d6 9. 0-0 Nd7 10. Nce2 Ngf6 11. Ng3 h5 12. h4 Be7 13. Nf3 Rc8 14. c4 Ne5 15. Rc1 Nfg4 16. Bb1 Bf6 17. Nxe5 Nxe5 18. Nxh5 Bxh4 19. Nxg7+ Ke7 20. f4 Ng6 21. f5 Ne5 22. fxe6 Bf6 23. Nf5+ Kxe6 24. Nd4+ Ke7 25. Nf5+ Ke6 26. Qxd6+ Qxd6 27. Nxd6 Nf3+ 28. Rxf3 Bxb2 29. Rd1 Rcd8 30. Rfd3 Bc6 31. Nf5 Rxd3 32. Rxd3 Bxe4 33. Re3 Kxf5 34. Rxe4 Kf6 35. Rf4+ Ke6 36. Re4+ Kd6 37. g4 Be5 38. Re2 f6 39. Bf5 Kc5 40. Rd2 a5 41. Rd5+ Kb4 42. Rb5+ Ka3 43. Kg2 Bd4 44. Kf3 Kxa2 45. Ke4 Bc5 46. Kd5 Rd8+ 47. Ke6 Rd6+ 48. Kf7 Bb4 49. Be6 Rc6 50. Kxf6 Kxb3 51. Kf7 Kc3 52. g5 Rc7+ 53. Kf6 Be7+ 54. Kf5 a4 55. Rxb6 a3 56. Ra6 Rc5+ 57. Ke4 Rxg5 58. Bd5 Rg4+ 59. Kf5 Rh4 60. Ke6 Bb4 61. c5 Bxc5 62. Kd7 Kd4 63. Bf7 Rh7 64. Ke8 Rh8+ 65. Kd7 Rh7 66. Ke8 Ke5 67. Kd7 Rxf7+ 0-1

[Event "Titled Tuesday intern op 19th May"]
[Site "Chess.com INT"]
[Date "2020.05.19"]
[Round "4"]
[White "Valverde Herrera, Jose Daniel"]
[Black "Carlstedt, Jonathan"]
[Result "1-0"]
[WhiteElo "1032"]
[BlackElo "2451"]
[PlyCount "87"]
[EventDate "2020.05.19"]
[EventType "swiss (blitz)"]
[EventRounds "10"]
[EventCountry "USA"]
[SourceTitle "EXT 2021"]
[Source "ChessBase"]
[SourceDate "2020.10.23"]
[SourceVersion "1"]
[SourceVersionDate "2020.10.23"]
[SourceQuality "1"]

1. Nf3 g6 2. g3 Bg7 3. Bg2 d6 4. d3 Nc6 5. Nc3 e5 6. h4 h5 7. Bg5 f6 8. Bd2 Nge7 9. e4 Be6 10. 0-0 Qd7 11. Be3 Bh3 12. d4 Bxg2 13. Kxg2 exd4 14. Nxd4 0-0-0 15. b4 g5 16. b5 Ne5 17. a4 gxh4 18. a5 hxg3 19. b6 cxb6 20. a6 gxf2 21. axb7+ Qxb7 22. Ndb5 Nf5 23. Bxf2 a6 24. Nd5 axb5 25. Bxb6 Rdg8 26. Rxf5 Bh6+ 27. Kh1 Ng4 28. Ra7 Ne5 29. Rxb7 Kxb7 30. Bd4 Rg4 31. Nxf6 Rh4+ 32. Kg2 Ng4 33. Bg1 Nxf6 34. Rxf6 Rg4+ 35. Kf1 Rhg8 36. Qd5+ Kc8 37. Qc6+ Kb8 38. Qb6+ Kc8 39. Qc6+ Kb8 40. Qxd6+ Kb7 41. Qb6+ Kc8 42. Rc6+ Kd7 43. Rc7+ Ke8 44. Qb8# 1-0